书目信息 |
| 题名: |
政治与美学的变奏
|
|
| 作者: | 孙盛涛 著 | |
| 分册: | ||
| 出版信息: | 北京 社会科学文献出版社 2005 |
|
| 页数: | 315页 | |
| 开本: | 22cm | |
| 丛书名: | ||
| 单 册: | ||
| 中图分类: | A811.63 | |
| 科图分类: | ||
| 主题词: | 马克思主义美学--研究--西方国家 , 马克思主义美学 | |
| 电子资源: | ||
| ISBN: | 7-80190-776-0 | |
| 000 | 01182nam0 2200253 450 | |
| 001 | 003012782 | |
| 005 | 20061221095345.81 | |
| 010 | @a7-80190-776-0@dCNY26.00 | |
| 100 | @a20051101d2005 em y0chiy0110 ea | |
| 101 | 0 | @achi@eeng |
| 102 | @aCN@b110000 | |
| 105 | @ay z 000yy | |
| 200 | 1 | @a政治与美学的变奏@9zheng zhi yu mei xue de bian zou@e西方马克思主义文艺基本问题研究@dVariation of politics and aesthetics@ea study on basic issues concerning western Marxist literary theory@f孙盛涛著@zeng |
| 210 | @a北京@c社会科学文献出版社@d2005 | |
| 215 | @a315页@d22cm | |
| 330 | @a本书考察西方马克思主义理论有关政治与美学关联问题的思想成果,对于重视政治伦理、在文艺与政治关系上走过弯路的中国美学来说,西方马克思主义提供了非常重要的参照系。 | |
| 510 | 1 | @aVariation of politics and aesthetics@ea study on basic issues concerning western Marxist literary theory@zeng |
| 517 | 1 | @a西方马克思主义文艺基本问题研究@9xi fang ma ke si zhu yi wen yi ji ben wen ti yan jiu |
| 606 | 0 | @a马克思主义美学@x研究@y西方国家 |
| 606 | 0 | @a马克思主义美学 |
| 690 | @aA811.63@v4 | |
| 701 | 0 | @a孙盛涛@9sun sheng tao@c(女,@f1966~)@4著 |
| 801 | 0 | @aCN@bNLC@c20061221 |
| 905 | @a10447@dA811.63@e206 | |
| 政治与美学的变奏:西方马克思主义文艺基本问题研究=Variation of politics and aesthetics:a study on basic issues concerning western Marxist literary theory/孙盛涛著.-北京:社会科学文献出版社,2005 |
| 315页;22cm |
| ISBN 7-80190-776-0:CNY26.00 |
| 本书考察西方马克思主义理论有关政治与美学关联问题的思想成果,对于重视政治伦理、在文艺与政治关系上走过弯路的中国美学来说,西方马克思主义提供了非常重要的参照系。 |
| ● |
| 相关链接 |
|
|
|
|
正题名:政治与美学的变奏
索取号:A811.63/206
 
预约/预借
| 序号 | 登录号 | 条形码 | 馆藏地/架位号 | 状态 | 备注 |
| 1 | 0389303 | 203893037 | 第一样本阅览室/ [索取号:A811.63/206] | 在馆 | |
| 2 | 0389304 | 203893046 | 第一借阅区/ [索取号:A811.63/206] | 在馆 | |
| 3 | 0389305 | 203893055 | 第一借阅区/ [索取号:A811.63/206] | 在馆 | |
| 4 | 0389306 | 203893064 | 第一借阅区/ [索取号:A811.63/206] | 在馆 | |
| 5 | 0389307 | 203893073 | 第一借阅区/ [索取号:A811.63/206] | 在馆 | |
| 6 | 0606898 | 206068985 | 第一借阅区/ [索取号:A811.63/206] | 在馆 | |
| 7 | 0606899 | 206068994 | 第一借阅区/ [索取号:A811.63/206] | 在馆 | |
| 8 | 0606900 | 206069001 | 第一借阅区/ [索取号:A811.63/206] | 在馆 |